Les 30 disques de diamant du rap français ! - Statistiques

Statistiques générales
  • Ce quiz a été pris 1 649 fois
    442 depuis la dernière actualisation
  • Le résultat moyen est 14 sur 30
Statistiques - réponses
Artiste Album Année de sortie Certification Année de certification % Correct
Ninho Destin 2019 Diamant 2020
83%
PNL Deux frères 2019 Double Diamant 2023
78%
Nekfeu Feu 2015 Diamant 2017
74%
Damso Ipséité 2017 Double Diamant 2024
73%
Ninho M.I.L.S. 3 2020 Diamant 2022
71%
PNL Dans La Légende 2016 Diamant 2017
69%
Niska Commando 2017 Diamant 2018
65%
Nekfeu Les étoiles vagabondes 2019 Double Diamant 2023
63%
IAM L'école du micro d'argent 1998 Diamant 2005
62%
Ninho Jefe 2021 Diamant 2023
60%
Damso Lithopédion 2018 Diamant 2023
59%
Nekfeu Cyborg 2016 Diamant 2019
56%
PLK Enna 2020 Diamant 2024
56%
Damso QALF 2020 Diamant 2023
56%
Jul My World 2015 Diamant 2017
54%
Black M Les Yeux plus gros que le monde 2014 Diamant 2015
52%
Orelsan La fête est finie 2017 Double Diamant 2023
50%
Booba Trône 2017 Diamant 2022
49%
Ninho Comme Prévu 2017 Diamant 2022
48%
Orelsan Civilisation 2021 Diamant 2022
39%
Bigflo & Oli La vraie vie 2017 Diamant 2020
34%
Stromae Racine Carrée 2013 Quadruple Diamant 2015
32%
Gims Ceinture Noire 2018 Double Diamant 2021
28%
Lomepal Jeannine - Amina 2018 Diamant 2021
26%
Soprano Cosmopolitanie 2014 Diamant 2016
24%
Jul L'ovni 2016 Diamant 2022
22%
Gims Mon coeur avait raison 2015 Diamant 2016
21%
Jul Emotions 2016 Diamant 2023
15%
Soprano L'Everest 2016 Diamant 2017
10%
Soprano Phoenix 2018 Diamant 2019
7%
Aucun quiz correspondant
Distribution des résultats
% des personnes avec chaque résultat
Percentile par nombre de réponses
Votre historique - résultats
Vous n’avez pas pris ce quiz depuis la dernière actualisation